000
00354nam a2200157Ia 4500
005
20250428005550.0
008
240331s9999 xx 000 0 und d
020
_a
9558110000
082
_b
GAM
_a
891
100
_a
Gamage,N
245
0
_a
Pini padma
260
_a
Colombo
_b
Sarasavi theiyaniyo
_c
1998
300
_a
40 p .,
650
_a
Poems
942
_c
L
999
_c
4863
_d
4863